Lectures on complex function algebras
Wedi'i Gadw mewn:
| Prif Awdur: | |
|---|---|
| Fformat: | Llyfr |
| Iaith: | Saesneg |
| Cyhoeddwyd: |
Glenview
Scott, Foresman and Company
1970
|
| Pynciau: | |
| Tagiau: |
Ychwanegu Tag
Dim Tagiau, Byddwch y cyntaf i dagio'r cofnod hwn!
|
MARC
| LEADER | 00000nam a2200000 a 4500 | ||
|---|---|---|---|
| 001 | UCP2607 | ||
| 003 | CL-VaPUC | ||
| 008 | 990520e19700000US |||||||||||||||||eng|d | ||
| 082 | 0 | 4 | |a 515.92 |b LEI |2 21 |
| 100 | 0 | |a Leibowitz, Gerald M |e author |9 429475 | |
| 245 | 1 | 0 | |a Lectures on complex function algebras |
| 300 | |a 248 p | ||
| 942 | |c BK | ||
| 945 | |d 19990520 00:00:00 |a crobeson | ||
| 260 | |a Glenview |b Scott, Foresman and Company |c 1970 | ||
| 650 | 0 | |a Funciones de variables complejas |9 260212 | |
| 650 | 0 | |a Análisis complejo |9 260214 | |
| 650 | 0 | |a Álgebras de Banach |9 271249 | |
| 650 | 7 | |a TEORIA DE OPERACIONES |2 CL-VaPUC |9 429476 | |
| 650 | 0 | |a Funciones analíticas |9 270036 | |
| 650 | 0 | |a Números complejos |9 270335 | |
| 583 | |a last modification |c 19990520 00:00:00 |k Rodrigo Vera | ||
| 999 | |c 281120 |d 281118 | ||
| 952 | |0 0 |1 0 |4 0 |6 515_920000000000000_LEI_1970 |7 0 |8 A |9 321785 |a BIBMAT |b BIBMAT |d 2019-11-20 |i 1346091 |o 515.92 LEI 1970 |p 1346091 |r 2025-01-07 |w 2019-11-20 |y BK |k MAT | ||